[Event "8th Dolomiti Open 2017"]
[Site "Forni di Sopra ITA"]
[Date "2017.06.15"]
[Round "7.6"]
[White "Barp,Alberto"]
[Black "Qendro,L"]
[Result "0-1"]
[WhiteElo "2233"]
[BlackElo "2328"]

1.d4 g6 2.c4 Bg7 3.Nf3 d6 4.g3 Nf6 5.Bg2 O-O 6.Nc3 Nbd7 7.O-O e5 8.e4 exd4
9.Nxd4 Re8 10.h3 Nc5 11.Re1 Nfd7 12.Be3 Ne5 13.b3 Bd7 14.Qc2 Ned3 15.Red1 Nb4
16.Qd2 a5 17.Nde2 Bc6 18.Bg5 Qc8 19.f3 f5 20.exf5 Qxf5 21.g4 Qf7 22.Rab1 a4
23.Nd4 axb3 24.axb3 Ncd3 25.Nxc6 bxc6 26.Rf1 Bd4+ 27.Kh1 Qg7 28.Na4 Re6 29.Bh6
Qe7 30.f4 Re2 31.Qd1 Nf2+ 32.Rxf2 Bxf2 33.Bxc6 Re1+ 34.Qxe1 Bxe1 35.Bxa8 c6
{#R} 0-1

[Event "8th Dolomiti Open 2017"]
[Site "Forni di Sopra ITA"]
[Date "2017.06.15"]
[Round "7.7"]
[White "Carnicelli,V"]
[Black "Basso,Pier Luigi"]
[Result "0-1"]
[WhiteElo "2242"]
[BlackElo "2448"]

1.e4 e5 2.Nf3 Nc6 3.Bc4 Bc5 4.b4 Bxb4 5.c3 Ba5 6.d4 exd4 7.Qb3 Qe7 8.O-O Bb6
9.cxd4 Nxd4 10.Nxd4 Bxd4 11.Nc3 Nf6 12.Nb5 Bxa1 13.Nxc7+ Kd8 14.Nxa8 Bd4
15.Bf4 d6 16.Rd1 Bc5 17.e5 Ng4 18.exd6 Qf6 19.Qf3 Nxf2 20.Rf1 Qxf4 21.Qxf4
Nh3+ 22.Kh1 Nxf4 23.Rxf4 f5 {#R} 0-1

[Event "8th Dolomiti Open 2017"]
[Site "Forni di Sopra ITA"]
[Date "2017.06.15"]
[Round "7.8"]
[White "Naumkin,I"]
[Black "Derakhshani,D"]
[Result "1-0"]
[WhiteElo "2401"]
[BlackElo "2321"]

1.d4 Nf6 2.c4 e6 3.Nf3 d5 4.Nc3 a6 5.cxd5 exd5 6.Bg5 Be6 7.e3 Nbd7 8.Bd3 Bd6
9.Qc2 c6 10.O-O h6 11.Bh4 Qc7 12.Bg3 O-O 13.b4 Bxg3 14.hxg3 Qd6 15.Rfc1 Rfc8
16.Qb2 b6 17.Na4 c5 18.bxc5 bxc5 19.Qa3 Ne4 20.Bxe4 dxe4 21.Nd2 f5 22.Rc2 Rc6
23.Nxc5 Rb8 24.Rac1 Rb5 25.Nc4 Bxc4 26.Rxc4 Nxc5 27.Rxc5 Rcxc5 28.dxc5 Qd2
29.Qc3 Qxc3 30.Rxc3 Rb7 31.Kh2 Kf7 32.g4 fxg4 33.Kg3 Ke6 34.Kxg4 Kd5 35.c6 Rc7
36.Kf5 Rf7+ 37.Kg6 Rc7 38.g4 Kd6 39.Rc4 Kd5 40.Rc2 Kd6 41.Kf5 Kd5 42.Rd2+ Kc4
43.Kxe4 Kc3 44.Rd6 {#r} 1-0

[Event "8th Dolomiti Open 2017"]
[Site "Forni di Sopra ITA"]
[Date "2017.06.15"]
[Round "7.12"]
[White "Bifulco,M"]
[Black "Gueci,Tea"]
[Result "1-0"]
[WhiteElo "2254"]
[BlackElo "2204"]

1.d4 d5 2.Nc3 c6 3.Bf4 Bf5 4.f3 Nf6 5.g4 Bg6 6.h4 h5 7.g5 Nfd7 8.e4 dxe4
9.Nxe4 Qb6 10.Ne2 Bxe4 11.fxe4 e5 12.dxe5 Qb4+ 13.c3 Qxe4 14.Rh3 Bc5 15.Qd3
Qxd3 16.Rxd3 O-O 17.O-O-O Nb6 18.Ng3 Nd5 19.Nxh5 Nd7 20.Rxd5 cxd5 21.Rxd5 g6
22.Ng3 Rfd8 23.Bb5 Nf8 24.Rxc5 Ne6 25.Be3 Nxc5 26.Bxc5 Rd5 27.Ne4 Rxe5 28.Bd3
Rxc5 29.Nxc5 b6 30.Ne4 Kg7 31.c4 Rh8 32.b4 Rxh4 33.c5 bxc5 34.bxc5 Rh8 35.Ba6
Kf8 36.c6 Ke7 37.c7 Kd7 38.c8=Q+ Rxc8+ 39.Bxc8+ Kxc8 40.Kd2 Kd7 41.Ke3 Ke6
42.Kf4 Kd5 43.Nc3+ Kc4 44.Nb1 Kd5 45.Na3 a6 46.Nc2 a5 47.a4 Kc4 48.Ke5 Kb3
49.Nd4+ Kxa4 50.Nc6 {#r} 1-0

[Event "8th Dolomiti Open 2017"]
[Site "Forni di Sopra ITA"]
[Date "2017.06.16"]
[Round "8.1"]
[White "Anurag,M"]
[Black "Matamoros Franco,C"]
[Result "0-1"]
[WhiteElo "2466"]
[BlackElo "2478"]

1.Nf3 Nf6 2.g3 g6 3.b3 Bg7 4.Bb2 d6 5.d4 c5 6.Bg2 cxd4 7.Nxd4 d5 8.c4 dxc4
9.bxc4 Qb6 10.Qc2 Nc6 11.Nxc6 bxc6 12.O-O O-O 13.Nd2 Bf5 14.e4 Nxe4 15.Bxg7
Nf6 16.Qb3 Kxg7 17.Qxb6 axb6 18.Bxc6 Rac8 19.Bb5 Rfd8 20.Nb3 Be6 21.Rfc1 Ne4
22.Rc2 Nd6 23.Rd1 Nxb5 24.Rxd8 Rxd8 25.cxb5 Bxb3 26.axb3 Rd5 27.Kf1 Rxb5
28.Rc3 g5 29.Ke2 e6 30.g4 Rb4 31.f3 Kg6 32.Kd3 h5 33.h3 h4 34.Kc2 Rf4 35.Kd2
Kf6 36.Rd3 b5 37.Ke3 Rb4 38.Rc3 Ke5 39.Rc5+ Kf6 40.Rc3 e5 41.Ke2 Ke6 42.Rc6+
Kd5 43.Rc3 f6 44.Ke3 e4 45.fxe4+ Rxe4+ 46.Kf2 Kd4 47.Rf3 Re6 48.Kg2 b4 49.Kf2
Rc6 {#R} 0-1

[Event "8th Dolomiti Open 2017"]
[Site "Forni di Sopra ITA"]
[Date "2017.06.16"]
[Round "8.3"]
[White "Stany,G"]
[Black "Bruno,Fabi"]
[Result "1-0"]
[WhiteElo "2489"]
[BlackElo "2427"]

1.e4 c5 2.Nf3 e6 3.d4 cxd4 4.Nxd4 a6 5.Bd3 Bc5 6.Nb3 Be7 7.O-O d6 8.c4 Nf6
9.Nc3 Qc7 10.f4 Nbd7 11.Qf3 b6 12.Be3 Bb7 13.Rac1 Rc8 14.Qh3 g6 15.Nd2 Qb8
16.Rce1 h5 17.Be2 Qc7 18.Bf2 Kf8 19.Kh1 Nc5 20.Bd1 Kg8 21.f5 gxf5 22.exf5 e5
23.Bh4 Ncd7 24.Bf3 Kf8 25.Nde4 Bxe4 26.Rxe4 Qd8 27.Bxf6 Nxf6 28.Rh4 Qd7
29.Bxh5 b5 30.Be2 Rg8 31.Rh8 Qd8 32.Nd5 {#r} 1-0

[Event "8th Dolomiti Open 2017"]
[Site "Forni di Sopra ITA"]
[Date "2017.06.16"]
[Round "8.5"]
[White "Basso,Pier Luigi"]
[Black "Naumkin,I"]
[Result "1-0"]
[WhiteElo "2448"]
[BlackElo "2401"]

1.d4 Nf6 2.c4 e6 3.Nc3 Bb4 4.Qc2 Nc6 5.Nf3 d6 6.Bd2 O-O 7.a3 Bxc3 8.Bxc3 a5
9.b3 Qe7 10.e3 Re8 11.Be2 e5 12.d5 Nb8 13.Nd2 c6 14.dxc6 Nxc6 15.O-O Be6
16.Rac1 Rac8 17.Qb1 d5 18.cxd5 Nxd5 19.Bb2 Red8 20.Bd3 h6 21.Ne4 Rc7 22.h3 Nf6
23.Nc5 Bc8 24.Rfd1 b6 25.Ne4 Bb7 26.Ng3 Qe6 27.Bh7+ Nxh7 28.Rxd8+ Nxd8 29.Rxc7
Qxb3 30.Rd7 {#r} 1-0

[Event "8th Dolomiti Open 2017"]
[Site "Forni di Sopra ITA"]
[Date "2017.06.16"]
[Round "8.6"]
[White "Denoyelle,A"]
[Black "Bellia,F"]
[Result "0-1"]
[WhiteElo "2188"]
[BlackElo "2432"]

1.c4 e6 2.Nc3 d5 3.d4 Nf6 4.cxd5 exd5 5.Bg5 Be7 6.e3 c6 7.Bd3 O-O 8.Nge2 Nbd7
9.O-O Re8 10.Qc2 Nf8 11.Rae1 g6 12.f3 Ne6 13.Bh4 Bd7 14.a3 b5 15.h3 Rc8 16.Qd1
a6 17.e4 Nxe4 18.fxe4 Bxh4 19.g3 dxe4 20.Nxe4 Be7 21.Bb1 Ng5 22.Nf4 Nxh3+
23.Nxh3 Bxh3 24.Rf2 Be6 25.Rh2 c5 26.Qc1 Qxd4+ 27.Kg2 Bd5 28.Kh3 h5 29.Rd1
Be6+ 30.Kg2 Qe5 31.Re1 Kg7 32.Nc3 Qg5 33.Qc2 Bd6 34.Qf2 Bd7 35.Be4 b4 36.Bd5
Qxg3+ 37.Qxg3 Bxg3 {#R} 0-1

[Event "8th Dolomiti Open 2017"]
[Site "Forni di Sopra ITA"]
[Date "2017.06.17"]
[Round "9.1"]
[White "Matamoros Franco,C"]
[Black "Stany,G"]
[Result "0-1"]
[WhiteElo "2478"]
[BlackElo "2489"]

1.c4 Nf6 2.g3 g6 3.Bg2 d5 4.cxd5 Nxd5 5.Nc3 Nb6 6.d3 Bg7 7.Be3 Nc6 8.Qd2 Nd4
9.Rc1 e5 10.Bh6 O-O 11.Bxg7 Kxg7 12.e3 Nf5 13.Nf3 Qe7 14.Ne4 c6 15.O-O Rd8
16.b3 Nd6 17.Nc5 Bg4 18.Qc3 f6 19.h3 Be6 20.Qb2 Bf7 21.Rfd1 a5 22.e4 a4 23.d4
exd4 24.Nxd4 axb3 25.axb3 Kg8 26.Nf3 Nb5 27.e5 Rxd1+ 28.Rxd1 Qxc5 29.exf6 Nc3
30.Rd3 Nbd5 31.b4 Qa7 32.Kh2 Ne4 33.Ne5 Nexf6 34.b5 Qa1 35.Qb3 Qxe5 {#R} 0-1

[Event "8th Dolomiti Open 2017"]
[Site "Forni di Sopra ITA"]
[Date "2017.06.17"]
[Round "9.3"]
[White "Castellanos Rodriguez,R"]
[Black "Anurag,M"]
[Result "0-1"]
[WhiteElo "2488"]
[BlackElo "2466"]

1.d4 Nf6 2.c4 e6 3.Nf3 c5 4.e3 cxd4 5.exd4 Bb4+ 6.Nc3 d5 7.Bd3 dxc4 8.Bxc4 O-O
9.O-O h6 10.Qe2 b6 11.Rd1 Bb7 12.Bf4 Bxc3 13.bxc3 Nd5 14.Bd2 Qc7 15.Ne5 Nc6
16.Bxd5 exd5 17.Bxh6 gxh6 18.Qg4+ Kh8 19.Qf4 Nxe5 20.Qxh6+ Kg8 21.Rd3 Ng6
22.Rg3 Rfe8 23.h4 Qd6 24.h5 Qf8 25.Qg5 Re6 26.f4 Qe7 27.Qg4 Re8 {#R} 0-1

[Event "8th Dolomiti Open 2017"]
[Site "Forni di Sopra ITA"]
[Date "2017.06.17"]
[Round "9.4"]
[White "Korneev,O"]
[Black "Basso,Pier Luigi"]
[Result "1-0"]
[WhiteElo "2569"]
[BlackElo "2448"]

1.e4 c6 2.d4 d5 3.e5 Bf5 4.Nf3 e6 5.Be2 c5 6.O-O Nc6 7.c3 cxd4 8.Nxd4 Nxd4
9.cxd4 Ne7 10.Nc3 Nc6 11.Be3 Be7 12.Bg4 Qd7 13.Bxf5 exf5 14.a3 O-O 15.Qf3 Rad8
16.Qg3 f6 17.f4 Na5 18.Rad1 b5 19.Qf3 Nc4 20.Bc1 b4 21.axb4 Bxb4 22.Ne2 Rb8
23.h3 Rb6 24.Ng3 Rfb8 25.b3 Na5 26.Rf2 g6 27.Nf1 Be7 28.Ne3 Rb5 29.Ra2 Nxb3
30.Ba3 Bxa3 31.Rxa3 a5 32.Kh2 Qc6 33.Rd3 Qe6 34.Qd1 a4 35.Rxa4 fxe5 36.fxe5
R8b7 37.Qf3 Kg7 38.Ra8 Na5 39.Rd8 Rd7 40.Nxf5+ gxf5 41.Qg3+ Kh6 42.Qh4+ {#r}
1-0

[Event "8th Dolomiti Open 2017"]
[Site "Forni di Sopra ITA"]
[Date "2017.06.17"]
[Round "9.6"]
[White "Bifulco,M"]
[Black "Henderson de La Fuente,Lance"]
[Result "0-1"]
[WhiteElo "2254"]
[BlackElo "2365"]

1.d4 Nf6 2.Nc3 d5 3.Bf4 e6 4.Nb5 Na6 5.a3 c6 6.Nc3 Bd6 7.e3 b6 8.Nf3 Nb8 9.Ne5
Bb7 10.Qf3 O-O 11.g4 c5 12.Bd3 Nc6 13.g5 Bxe5 14.dxe5 Nd7 15.Qg3 c4 16.Be2 d4
17.Ne4 Ncxe5 18.Bxe5 Bxe4 19.Bc7 Qc8 20.f3 Bxc2 21.Bxc4 e5 22.Rc1 d3 23.Qf2
Qxc7 24.Bxd3 Nc5 25.Be2 Bb3 26.Rc3 Rad8 27.O-O Rd2 28.Rfc1 Qe7 29.h4 Rfd8
30.Qe1 Rxb2 {#R} 0-1

[Event "8th Dolomiti Open 2017"]
[Site "Forni di Sopra ITA"]
[Date "2017.06.17"]
[Round "9.7"]
[White "Naumkin,I"]
[Black "Denoyelle,A"]
[Result "1-0"]
[WhiteElo "2401"]
[BlackElo "2188"]

1.d4 f5 2.Nf3 g6 3.g3 Bg7 4.Bg2 Nf6 5.O-O O-O 6.c4 d6 7.Nc3 Nc6 8.d5 Ne5 9.Qb3
Ned7 10.Be3 Ng4 11.Bd2 e5 12.dxe6 Nc5 13.Qc2 c6 14.Rad1 Nxe6 15.e3 Qf6 16.Bc1
Ne5 17.Ne2 Rd8 18.b3 a5 19.h4 h6 20.Ba3 Nf7 21.Rd2 Nc5 22.Nfd4 Re8 23.Nc3 g5
24.hxg5 hxg5 25.Nde2 f4 26.Bxc5 dxc5 27.exf4 Bf5 28.Qc1 gxf4 29.gxf4 Re6
30.Ng3 Nh6 31.Nce4 Bxe4 32.Bxe4 Qxf4 33.Rd8+ {#r} 1-0

[Event "8th Dolomiti Open 2017"]
[Site "Forni di Sopra ITA"]
[Date "2017.06.17"]
[Round "9.8"]
[White "Vezzosi,P"]
[Black "Carnicelli,V"]
[Result "1-0"]
[WhiteElo "2333"]
[BlackElo "2242"]

1.c4 e5 2.g3 d6 3.Bg2 f5 4.d4 Nd7 5.Nf3 Ngf6 6.O-O g6 7.Nc3 Bg7 8.e4 fxe4
9.Ng5 Qe7 10.Nb5 Nb6 11.dxe5 dxe5 12.b3 Bg4 13.Qe1 a6 14.Ba3 Qd7 15.Nc3 O-O-O
16.Ncxe4 Nxe4 17.Nxe4 Qf7 18.Qe3 Kb8 19.Nc5 Bc8 20.Rad1 Rhe8 21.Ne4 h6 22.Nd6
cxd6 23.Qxb6 Bf8 24.Bxd6+ Bxd6 25.Rxd6 Rxd6 26.Qxd6+ Ka7 27.Re1 Rf8 28.Qc5+ b6
29.Qe3 g5 30.c5 {#r} 1-0

[Event "8th Dolomiti Open 2017"]
[Site "Forni di Sopra ITA"]
[Date "2017.06.17"]
[Round "9.10"]
[White "Medancic,R"]
[Black "Kiefer,G"]
[Result "0-1"]
[WhiteElo "2221"]
[BlackElo "2259"]

1.Nf3 Nf6 2.b3 g6 3.Bb2 Bg7 4.g3 O-O 5.Bg2 d6 6.d4 c6 7.O-O Bf5 8.c4 Nbd7
9.Nc3 Ne4 10.Nh4 Nxc3 11.Bxc3 Be6 12.e4 Nf6 13.d5 Bg4 14.Qd2 Re8 15.h3 Bxh3
16.e5 Bxg2 17.exf6 Bxf1 18.fxg7 Bh3 19.Qh6 Qc8 20.dxc6 bxc6 21.Kh2 f6 22.Re1
Bf5 23.Ng2 e5 24.Ne3 Be6 25.f4 Qc7 26.f5 gxf5 27.Qxf6 Qxg7 28.Qh4 Rf8 29.Ng2
Rf6 {#R} 0-1

[Event "12th Teplice Open 2017"]
[Site "Teplice CZE"]
[Date "2017.06.13"]
[Round "4.1"]
[White "Nabaty,T"]
[Black "Vorobiov,E"]
[Result "1-0"]
[WhiteElo "2644"]
[BlackElo "2591"]

1.d4 Nf6 2.c4 g6 3.Nc3 Bg7 4.e4 d6 5.Bd3 O-O 6.Nge2 c6 7.O-O a6 8.f3 b5 9.Be3
bxc4 10.Bxc4 d5 11.Bb3 dxe4 12.fxe4 Ng4 13.Qd2 Nxe3 14.Qxe3 Nd7 15.Rac1 a5
16.e5 Nb6 17.Qf3 Bh6 18.Rcd1 a4 19.Bxf7+ Kg7 20.d5 cxd5 21.Nd4 e6 22.Qh3 Nc4
23.Rde1 Qb6 24.Nb5 Ra7 25.Bxe6 Rxf1+ 26.Rxf1 Be3+ 27.Kh1 Bxd4 28.Qf3 Qd8
29.Nxa7 Bxe6 30.Nc6 Nxe5 31.Nxd8 {#r} 1-0

[Event "12th Teplice Open 2017"]
[Site "Teplice CZE"]
[Date "2017.06.13"]
[Round "4.3"]
[White "Dragun,K"]
[Black "Hnydiuk,A"]
[Result "1-0"]
[WhiteElo "2614"]
[BlackElo "2404"]

1.e4 c5 2.Nf3 d6 3.d4 cxd4 4.Nxd4 Nf6 5.Nc3 a6 6.Be2 e6 7.O-O Be7 8.f4 O-O
9.Kh1 Qc7 10.Qe1 b5 11.Bf3 Bb7 12.e5 dxe5 13.fxe5 Nfd7 14.Qg3 Kh8 15.Bf4 Nc5
16.b4 Ncd7 17.Nd5 exd5 18.Nf5 g5 19.Bh5 Qd8 20.e6 fxe6 21.Bc7 exf5 22.Bxd8
Bxd8 23.Rae1 f4 24.Qc3+ Nf6 25.Re8 Rxe8 26.Bxe8 Nc6 27.Bxc6 Rc8 28.Re1 Rxc6
29.Re8+ Kg7 30.Qe5 Rxc2 31.h3 f3 32.gxf3 Rc1+ 33.Kg2 Rc2+ 34.Kf1 Bb6 35.Qxg5+
Kf7 36.Rf8+ Kxf8 37.Qxf6+ Kg8 38.Qg5+ Kh8 39.Qe5+ Kg8 40.Qg5+ Kh8 41.Qf6+ Kg8
42.Qxb6 Bc6 43.f4 Rc4 44.f5 Kf7 45.Qc7+ Kf6 46.Qxh7 {#r} 1-0

[Event "12th Teplice Open 2017"]
[Site "Teplice CZE"]
[Date "2017.06.13"]
[Round "4.4"]
[White "Kirk,Ez"]
[Black "Turov,M"]
[Result "1-0"]
[WhiteElo "2324"]
[BlackElo "2595"]

1.e4 c6 2.d4 d5 3.e5 Bf5 4.Nf3 e6 5.Be2 Nd7 6.O-O h6 7.Nbd2 Ne7 8.Nb3 Qc7
9.Ne1 c5 10.c3 c4 11.Nd2 b5 12.Nc2 Nb6 13.f4 Bh7 14.Ne3 Nf5 15.Nxf5 Bxf5 16.g4
Bh7 17.Rf2 Be7 18.Nf1 Qd7 19.Ng3 Bh4 20.Rf3 O-O-O 21.b3 Be7 22.a4 bxa4 23.bxc4
dxc4 24.f5 f6 25.fxe6 Qxe6 26.Rxa4 Kb8 27.exf6 Bd6 28.fxg7 Rhe8 29.Ra2 Rg8
30.g5 hxg5 31.Bxg5 Rd7 32.Bf6 Rdxg7 33.Bxg7 Rxg7 34.Qf1 Qd5 35.Rf8+ Nc8
36.Rb2+ {#r} 1-0

[Event "12th Teplice Open 2017"]
[Site "Teplice CZE"]
[Date "2017.06.13"]
[Round "4.5"]
[White "Sengupta,D"]
[Black "Rubes,J"]
[Result "1-0"]
[WhiteElo "2594"]
[BlackElo "2323"]

1.e4 e5 2.Nf3 Nf6 3.Nc3 Nc6 4.Bb5 Nd4 5.O-O Nxb5 6.Nxb5 c6 7.Nc3 d6 8.d4 Qc7
9.h3 Be7 10.Re1 O-O 11.a4 a5 12.b3 Re8 13.Bb2 Bf8 14.Qd2 h6 15.Rad1 Bd7 16.Qc1
Rad8 17.Qa1 Nh5 18.Ne2 exd4 19.Nexd4 Nf4 20.c4 Qc8 21.Qc1 Ng6 22.Re3 b6 23.Ne2
Qb7 24.Ng3 b5 25.axb5 cxb5 26.cxb5 Qxb5 27.Rd5 Qa6 28.Qa1 a4 29.Nh5 Ne5
30.Nxe5 dxe5 31.Bxe5 Rxe5 32.Qxe5 f6 33.Qc7 a3 34.Qxd8 a2 35.Nxf6+ {#r} 1-0

[Event "12th Teplice Open 2017"]
[Site "Teplice CZE"]
[Date "2017.06.13"]
[Round "4.6"]
[White "Grela,K"]
[Black "Babula,V"]
[Result "0-1"]
[WhiteElo "2310"]
[BlackElo "2552"]

1.e4 c5 2.Nf3 e6 3.d4 cxd4 4.Nxd4 Nc6 5.Nc3 Qc7 6.Be2 a6 7.Be3 Nf6 8.O-O Be7
9.f4 d6 10.a4 O-O 11.Qe1 e5 12.Nxc6 bxc6 13.fxe5 dxe5 14.Qg3 Be6 15.a5 Rfb8
16.Bd3 c5 17.b3 c4 18.bxc4 Bxc4 19.Bxc4 Qxc4 20.Qxe5 Ng4 21.Qxe7 Nxe3 22.Rf3
Re8 23.Qb7 Qxc3 24.Raf1 Qc5 25.R1f2 Ng4 26.Rxf7 Qe5 27.R2f5 Qxh2+ 28.Kf1 Ne3+
29.Kf2 Nxf5 {#R} 0-1

[Event "12th Teplice Open 2017"]
[Site "Teplice CZE"]
[Date "2017.06.13"]
[Round "4.8"]
[White "Fries Nielsen,JO"]
[Black "Hirneise,T"]
[Result "0-1"]
[WhiteElo "2353"]
[BlackElo "2466"]

1.d4 d5 2.Nc3 Nf6 3.Bf4 c5 4.e3 cxd4 5.exd4 Bg4 6.f3 Bd7 7.Qd2 e6 8.g4 a6
9.Nge2 Bb4 10.a3 Be7 11.Ng3 O-O 12.h4 Nc6 13.g5 Ne8 14.h5 Qb6 15.Nge2 Nd6
16.Na4 Qd8 17.Ng3 Na5 18.Nc5 Ndc4 19.Qc1 e5 20.Nxd7 exf4 21.Nxf8 Bxg5 22.Nxh7
Qe7+ 23.Be2 Re8 24.O-O Ne3 25.Bd3 fxg3 26.Nxg5 Qxg5 27.Re1 Qxh5 28.Qd2 Re6
29.Rxe3 Rxe3 30.Qg2 Qh4 31.Qh1 Qxd4 32.Qh7+ Kf8 33.Kg2 Re2+ 34.Kxg3 Qe5+ {#R}
0-1

[Event "12th Teplice Open 2017"]
[Site "Teplice CZE"]
[Date "2017.06.13"]
[Round "4.11"]
[White "Lagarde,Max"]
[Black "Baum,Jonasz"]
[Result "1-0"]
[WhiteElo "2601"]
[BlackElo "2085"]

1.e4 c5 2.Nf3 Nc6 3.d4 cxd4 4.Nxd4 e5 5.Nb5 a6 6.N5c3 d6 7.Na3 Nf6 8.Bg5 b5
9.Bxf6 gxf6 10.Nd5 f5 11.c3 Bg7 12.Bd3 Be6 13.Nxb5 axb5 14.Bxb5 Bd7 15.exf5
O-O 16.O-O Rb8 17.a4 f6 18.Ne3 Qc7 19.Nc4 Ne7 20.Qxd6 Qxd6 21.Nxd6 Bxb5
22.axb5 Nc8 23.Ne4 Rxb5 24.b4 Ne7 25.g4 Nd5 26.Rfd1 Nf4 27.Ra7 Rd5 28.Rxd5
Nxd5 29.Rd7 Nf4 30.b5 Ra8 31.h4 Rb8 32.c4 Ne2+ 33.Kg2 Nd4 34.Ng3 h6 35.Nh5 Bh8
36.f4 Ra8 37.b6 Nc6 38.Rc7 Na5 39.Ra7 {#r} 1-0

[Event "12th Teplice Open 2017"]
[Site "Teplice CZE"]
[Date "2017.06.13"]
[Round "4.14"]
[White "Bajarani,U"]
[Black "Thorsbro,P"]
[Result "0-1"]
[WhiteElo "2486"]
[BlackElo "2180"]

1.d4 f5 2.Nc3 Nf6 3.Bg5 d5 4.f3 Nc6 5.Qd2 e6 6.a3 Be7 7.e3 a6 8.Nge2 O-O
9.O-O-O b5 10.Nf4 b4 11.axb4 Nxb4 12.e4 fxe4 13.fxe4 c5 14.e5 Qa5 15.Qe1 cxd4
16.Rxd4 Qa1+ {#R} 0-1

[Event "12th Teplice Open 2017"]
[Site "Teplice CZE"]
[Date "2017.06.13"]
[Round "4.16"]
[White "Nagy,Ga1"]
[Black "Liepold,S"]
[Result "1-0"]
[WhiteElo "2447"]
[BlackElo "2186"]

1.Nf3 Nf6 2.c4 g6 3.Nc3 d5 4.cxd5 Nxd5 5.Qc2 Bg7 6.e4 Nxc3 7.dxc3 c5 8.Bf4 O-O
9.Be2 Qb6 10.Nd2 Na6 11.Nc4 Qc6 12.O-O Be6 13.Rfd1 Rad8 14.a4 Qc8 15.h3 Rxd1+
16.Rxd1 Rd8 17.Na5 Rxd1+ 18.Qxd1 h5 19.Qd3 Nb8 20.Nc4 Nc6 21.Ne3 Qd7 22.Nd5
Ne5 23.Qd1 a6 24.Be3 Bxd5 25.exd5 c4 26.b3 b5 27.axb5 axb5 28.f4 Bh6 29.Qd4
cxb3 30.Qxe5 b2 31.Qe4 Qc8 32.Qc2 b4 33.Qxb2 bxc3 34.Qc2 Qc7 35.Bd1 Qc4 36.Bf3
Bg7 37.Kf2 h4 38.Ke1 Bf6 39.Qe4 Qa2 40.Bd1 Qb2 41.Bc2 Kg7 42.f5 g5 43.Kd1 Qa1+
44.Ke2 Qa6+ 45.Qd3 {#r} 1-0

[Event "12th Teplice Open 2017"]
[Site "Teplice CZE"]
[Date "2017.06.14"]
[Round "5.2"]
[White "Kirk,Ez"]
[Black "Dragun,K"]
[Result "0-1"]
[WhiteElo "2324"]
[BlackElo "2614"]

1.e4 c5 2.Nf3 e6 3.d4 cxd4 4.Nxd4 a6 5.c4 Nf6 6.Nc3 Qc7 7.Be2 d6 8.O-O Be7
9.Be3 O-O 10.f4 b6 11.Rc1 Bb7 12.Bf3 Nbd7 13.g4 Nc5 14.Qc2 a5 15.g5 Nfd7 16.h4
Rae8 17.a3 Qb8 18.b4 axb4 19.axb4 e5 20.Nf5 exf4 21.Bxf4 Ne6 22.Be3 Ne5 23.Nd5
Bd8 24.Qg2 Kh8 25.Be2 f6 26.gxf6 Bxf6 27.h5 Nd7 28.Rf2 Be5 29.Rcf1 Qd8 30.Qh3
Ng5 31.Bxg5 Qxg5+ 32.Rg2 Qd8 33.Bd3 Rf7 34.Kh1 Nf8 35.Rg4 Ne6 36.Qg2 Ref8
37.Rg1 Bxd5 38.cxd5 Nf4 39.Rxf4 Bxf4 40.Qg4 Be5 41.Bb5 Ra7 {#R} 0-1

[Event "12th Teplice Open 2017"]
[Site "Teplice CZE"]
[Date "2017.06.14"]
[Round "5.4"]
[White "Babula,V"]
[Black "Stocek,J"]
[Result "1-0"]
[WhiteElo "2552"]
[BlackElo "2585"]

1.d4 Nf6 2.c4 e6 3.Nf3 a6 4.Nc3 d5 5.cxd5 exd5 6.Bg5 Be6 7.e3 Nbd7 8.Rc1 c6
9.Bd3 h6 10.Bf4 g5 11.Bg3 Nh5 12.Be5 Ng7 13.h3 Nxe5 14.Nxe5 Bd6 15.O-O h5
16.f4 g4 17.f5 Bc8 18.f6 Ne6 19.hxg4 Bxe5 20.dxe5 Qc7 21.Nxd5 Qa5 22.Ne7 hxg4
23.Qxg4 Qxe5 24.Nf5 Kd8 25.Qg3 Qxg3 26.Nxg3 Bd7 27.Nf5 Kc7 28.Kf2 Rag8 29.Ne7
Rg4 30.Bf5 Rb4 31.Nd5+ {#r} 1-0

[Event "12th Teplice Open 2017"]
[Site "Teplice CZE"]
[Date "2017.06.14"]
[Round "5.10"]
[White "Zakhartsov,Vi"]
[Black "Carstensen,J"]
[Result "1-0"]
[WhiteElo "2544"]
[BlackElo "2356"]

1.d4 Nf6 2.c4 e6 3.Nc3 Bb4 4.e3 O-O 5.Ne2 Re8 6.a3 Bf8 7.Ng3 d5 8.Be2 b6
9.cxd5 exd5 10.b4 c5 11.dxc5 bxc5 12.bxc5 Bxc5 13.O-O Be6 14.Bb2 Nbd7 15.Nb5
Nb6 16.Bxf6 gxf6 17.Bd3 Nd7 18.Qh5 Nf8 19.Rfc1 Rc8 20.Qh6 Ng6 21.Rxc5 {#r} 1-0

[Event "12th Teplice Open 2017"]
[Site "Teplice CZE"]
[Date "2017.06.14"]
[Round "5.12"]
[White "Butkiewicz,L"]
[Black "Serrano Salvador,E"]
[Result "1-0"]
[WhiteElo "2460"]
[BlackElo "2326"]

1.d4 d5 2.c4 c6 3.Nf3 Nf6 4.e3 e6 5.b3 Bb4+ 6.Nbd2 Ne4 7.Bd3 f5 8.O-O Nd7 9.a3
Bd6 10.Bb2 O-O 11.Ne5 Qf6 12.f4 Qh6 13.Nxe4 fxe4 14.Be2 Nxe5 15.dxe5 Bc5
16.Bd4 Bxd4 17.Qxd4 Bd7 18.b4 Be8 19.cxd5 exd5 20.Bg4 Bh5 21.Bd7 Be8 22.Bh3 g5
23.fxg5 Rxf1+ 24.Rxf1 Qxg5 25.Be6+ Kg7 26.Bf7 Bxf7 27.e6+ Kh6 28.exf7 Qe7
29.Rf6+ Kg5 30.h4+ Kxh4 31.Rf4+ Kh5 32.Qg7 {#r} 1-0

[Event "12th Teplice Open 2017"]
[Site "Teplice CZE"]
[Date "2017.06.14"]
[Round "5.13"]
[White "Liska,Ji2"]
[Black "Nagy,Ga1"]
[Result "0-1"]
[WhiteElo "2258"]
[BlackElo "2447"]

1.Nf3 c5 2.c4 Nc6 3.d4 cxd4 4.Nxd4 Qb6 5.Nb3 e6 6.Nc3 Nf6 7.e4 Bb4 8.Be3 Qc7
9.f3 O-O 10.Qd2 d5 11.a3 Bxc3 12.Qxc3 dxe4 13.O-O-O b6 14.Be2 Bb7 15.f4 Rac8
16.g4 Ne7 17.Kb1 b5 18.g5 Nd7 19.Bd4 bxc4 20.Rc1 Qxf4 21.Qb4 Nf5 22.Qxb7 Rc7
23.Qb4 cxb3 24.Rcf1 Qd6 {#R} 0-1

[Event "12th Teplice Open 2017"]
[Site "Teplice CZE"]
[Date "2017.06.14"]
[Round "5.14"]
[White "Stachowiak,K"]
[Black "Grela,K"]
[Result "1-0"]
[WhiteElo "2428"]
[BlackElo "2310"]

1.c4 e6 2.Nf3 d5 3.e3 Nf6 4.b3 Bd6 5.Bb2 Nbd7 6.d4 c6 7.Be2 O-O 8.Nbd2 Ne4
9.Nxe4 dxe4 10.Nd2 f5 11.Qc2 Qg5 12.g3 b6 13.c5 bxc5 14.Ba3 Be7 15.dxc5 a5
16.O-O Rf6 17.Rfd1 Rh6 18.Nc4 Nf6 19.Ne5 Bb7 20.Rd6 Bxd6 21.cxd6 Nd5 22.Bc5 f4
23.exf4 Nxf4 24.Qxe4 Rf6 25.Bc4 Nd5 26.d7 Rf5 27.Nxc6 Qf6 28.Bd4 Bxc6 29.Bxf6
Rxf6 30.Qe5 Rd8 31.Bxd5 Bxd5 32.Qc7 Rff8 33.Rc1 Kf7 34.Qd6 Kf6 35.Qxf8+ Rxf8
36.Rc8 Ke7 37.Rxf8 {#r} 1-0

[Event "12th Teplice Open 2017"]
[Site "Teplice CZE"]
[Date "2017.06.14"]
[Round "5.15"]
[White "Worek,J"]
[Black "Ahlander,B"]
[Result "0-1"]
[WhiteElo "2255"]
[BlackElo "2423"]

1.e4 c5 2.Nf3 d6 3.d4 cxd4 4.Nxd4 Nf6 5.Nc3 a6 6.Be3 e5 7.Nb3 Be6 8.Qd2 Nbd7
9.f3 h5 10.O-O-O b5 11.a3 Qc7 12.Nd5 Bxd5 13.exd5 Nb6 14.Bxb6 Qxb6 15.Kb1 g6
16.Qa5 Qb7 17.Qb4 Be7 18.g3 O-O 19.Bh3 Qb6 20.Na5 Rfe8 21.Rhe1 Bf8 22.Re2 Ra7
23.Qd2 Nxd5 24.Qxd5 Qxa5 25.f4 Qc7 26.f5 Qc4 27.Qf3 Rc7 28.fxg6 fxg6 29.Bg2 e4
30.Qe3 d5 31.Rd4 Qc5 32.Qd2 Re5 33.c3 Kh7 34.g4 Bh6 35.Qe1 hxg4 36.Qg3 Rf5
37.Qxg4 a5 38.Qg3 Rcf7 39.Qb8 Bg7 40.Rdd2 Qc4 41.Qg3 b4 42.cxb4 axb4 43.Rc2
Qd4 44.Red2 Qg1+ 45.Rc1 Qb6 46.Bxe4 dxe4 47.Rd6 Qf2 48.Qxg6+ Kh8 49.Rc2 Qf1+
50.Rc1 Qe2 {#R} 0-1

[Event "12th Teplice Open 2017"]
[Site "Teplice CZE"]
[Date "2017.06.14"]
[Round "5.16"]
[White "Dobrowolski,P"]
[Black "Freisler,P"]
[Result "1-0"]
[WhiteElo "2421"]
[BlackElo "2257"]

1.e4 e5 2.Nf3 Nc6 3.Bb5 Nf6 4.d3 d6 5.O-O g6 6.d4 Bd7 7.d5 Ne7 8.Bxd7+ Qxd7
9.Re1 Bg7 10.c4 O-O 11.c5 h6 12.Qb3 c6 13.Nc3 cxd5 14.exd5 e4 15.Nxe4 Nxe4
16.Rxe4 dxc5 17.d6 Nf5 18.Bf4 Rae8 19.Ne5 Bxe5 20.Rxe5 Nd4 21.Qd3 Rxe5 22.Bxe5
Rd8 23.Bf6 Rc8 24.Qh3 Nf5 25.Rd1 Re8 26.Qc3 Re6 27.Be5 b6 28.b4 Nd4 29.Bxd4
Qa4 30.Rf1 cxd4 31.Qc8+ Qe8 32.d7 {#r} 1-0